Online
Catalog

Canales de potasio (Maxi-K y Katp ) en la actividad eléctrica neuronal / (Record no. 35890)

MARC details
000 -CABECERA
campo de control de longitud fija 00532nam a2200157 a 4500
001 - NÚMERO DE CONTROL
campo de control 000036399
005 - FECHA Y HORA DE LA ÚLTIMA TRANSACCIÓN
campo de control 20200930075718.0
008 - DATOS DE LONGITUD FIJA--INFORMACIÓN GENERAL
campo de control de longitud fija 120117s2001 mx d 000 0 spa d
020 ## - NÚMERO INTERNACIONAL ESTÁNDAR DEL LIBRO
Número Internacional Estándar del Libro 9706920579
040 ## - FUENTE DE LA CATALOGACIÓN
Centro catalogador/agencia de origen DO-SdBNP
Lengua de catalogación spa
Centro/agencia transcriptor BNPHU
082 ## - NÚMERO DE LA CLASIFICACIÓN DECIMAL DEWEY
Número de clasificación xxx
Número de documento/Ítem A174
100 1# - ENTRADA PRINCIPAL--NOMBRE DE PERSONA
Nombre de persona Acevedo Fernández, Juan José
9 (RLIN) 62606
245 10 - MENCIÓN DE TÍTULO
Título Canales de potasio (Maxi-K y Katp ) en la actividad eléctrica neuronal /
Mención de responsabilidad, etc. Juan José Acevedo Fernández.
260 ## - PUBLICACIÓN, DISTRIBUCIÓN, ETC.
Lugar de publicación, distribución, etc. Colima, México :
Nombre del editor, distribuidor, etc. Universidad de Colima,
Fecha de publicación, distribución, etc. 2001.
300 ## - DESCRIPCIÓN FÍSICA
Extensión 59 p. :
Otras características físicas diagrs ;
Dimensiones 21 cm.
Holdings
Estado de retiro Estado de pérdida Restricciones de uso No para préstamo Código de colección Localización permanente Ubicación/localización actual Ubicación en estantería Fecha de adquisición Número de inventario Total de préstamos Signatura topográfica completa Código de barras Fecha visto por última vez Precio válido a partir de Tipo de ítem Koha
        Monografías: Libros y Folletos General General Orden iniciada 17.01.2012 LF1   xxx A174 36400-10 25.06.2020 25.06.2020 No se presta

Powered by Koha